000 00936njm a22002657a 4500
005 20100914141226.0
007 sd ammalaaahaa
008 100913t xxu||||| |||| 00| 0 hin d
028 _a7EPE 1440
_bEMI
035 _aGR-02327
040 _aSED/VEN
100 _aQawwal, Habib Painter
_91184
245 _aBahut katheen hai dagar panghat ki /
_cby Habib Painter Qawwal
_h[sound recording] :
246 _aबहुत कठीन है डगर पनघट की
260 _aDum Dum India
_bEMI
_c1970
300 _a1 sound disc [Gramophone record] :
_banalog, 45 1/3 rpm
_c7 .5 in. (SP)
_fGramophone Record
500 _aBrief Record
500 _aRecord label :EMI, Red
600 _aQawwal, Habib Painter
_919992
650 _aHindi Film
_xExcerpts
_zIndia
_919603
700 _919604
700 _919605
942 _2ddc
_cGR
999 _c45704
_d45704